Loading...
| Religion | 0 | 3 | 0 | 0 | 30 | 35 | 94.67 | 0 | 0 |
| History - World History | 0 | 3 | 0 | 1 | 30 | 131 | 134.67 | 0 | 0 |
| Literature - British Literature | 0 | 2 | 0 | 0 | 20 | 70 | 97.50 | 0 | 0 |
| History - European History | 0 | 2 | 0 | 1 | 20 | 93 | 118.00 | 0 | 0 |
| Social Science | 0 | 1 | 0 | 0 | 10 | 123 | 123.00 | 0 | 0 |
| Fine Arts - Painting & Sculpture | 0 | 1 | 0 | 0 | 10 | 153 | 153.00 | 0 | 0 |
| History - American History | 0 | 1 | 0 | 0 | 10 | 109 | 109.00 | 0 | 0 |
| Literature - World Literature | 0 | 1 | 0 | 1 | 10 | 138 | 138.00 | 0 | 0 |
| Science - Other Science | 0 | 1 | 0 | 0 | 10 | 63 | 63.00 | 0 | 1 |
| Fine Arts - Other Fine Arts | 0 | 1 | 0 | 0 | 10 | 150 | 150.00 | 0 | 0 |
| Other Academic | 0 | 1 | 0 | 0 | 10 | 136 | 136.00 | 0 | 0 |
| Mythology | 0 | 0 | 1 | 0 | -5 | 0.00 | 0 | 0 | |
| History - Other History | 0 | 0 | 1 | 0 | -5 | 0.00 | 0 | 0 |